000 00259nam a22001097a 4500
008 250902b |||||||| |||| 00| 0 eng d
022 _a09702385
245 _aAbhigyan
260 _aNew Delhi
_bSage publishing
_c2025
300 _a217; p.
942 _2ddc
999 _c46491
_d46491